| 000 | 00827cam a22002297a 4500 | ||
|---|---|---|---|
| 003 | UPN | ||
| 005 | 20250513063839.0 | ||
| 008 | 220315t2010 mx|a||||r|||| 000 0 spa d | ||
| 020 | _a9786079535131 | ||
| 040 |
_aMX-MxUPN _bspa _cMX-MxUPN |
||
| 050 | 1 | 4 |
_aHQ1237 _bL4.6 |
| 100 | 1 |
_aLeñero Llaca, Martha I. _933440 |
|
| 245 | 0 |
_aEquidad de género y prevención de la violencia en primaria / _cMartha I. Leñero Llaca |
|
| 260 |
_aMéxico : _bSEP : _bUNAM, Programa universitario de estudios de género , _c2010 |
||
| 300 |
_a243 p.: _bil. |
||
| 530 | _aTambién disponible en línea. | ||
| 650 | 1 | 4 |
_aEquidad de género _94872 |
| 650 | 1 | 7 |
_aViolencia _xPrevención _2 _913657 |
| 856 | 4 | 0 |
_uhttps://www.sep.gob.mx/work/models/sep1/Resource/1039/1/images/equidad.pdf _yTexto completo |
| 942 |
_2lcc _cLIBRO |
||
| 999 |
_c208278 _d208278 |
||